000 00626nam a2200229 i 4500
003 DO-SdBNP
005 20240820121459.0
007 ta
008 240813b2024 dr |||| |||| 00| 0 spa d
020 _a9789945938685
040 _aDO-SdBNP
_bspa
_cBNPHU
_erda
082 _222
_bT233
245 1 0 _aLotos de luz /
_cZuly Taveras
264 1 _aSanto Domingo :
_bSoto Castillo,
_c[2024].
300 _a143 páginas
_c23 cm.
336 _2rdacontent
_atexto
_btxt
337 _2rdamedia
_asin mediación
_bn
338 _2rdacarrier
_avolumen
_bnc
590 _aInventariado, 2024/ YL
910 _aYLockward
942 _2ddc
_cLBS1
999 _c57427
_d57427